1243 1403 1455 1899 1109 1340 1054 1598 1725 1620 1470 1394 1691 1165 1895 1054 1858 1434 1317 1926 1938 1925 1448 1600 1936 1653 1985 1924 1257 1243 1911 1288 1756 1081 1056 1498 1272 1987 1945 1893 1807 1285 1593 1466 1299 1002 1007 1978 1013 1836 1065 1064 1757 1057 1638 1581 1496 1235 1075 1940 1410 1584 1232 1180 1621 1316 1350 1023 1432 1809 1031 1514 1256 1615 1450 1706 1496 1277 1852 1974 1474 1157 1670 1932 1262 1171 1131 1821 1435 1719 1990 1746 1715 1213 1481 1038 1475 1781 1377 BCNSPRNW ULIB Ver.6.0+V

เปลี่ยนเป็นภาษาไทย

Change to English
 แสดงรายละเอียดบรรณานุกรม
  กลับหน้าหลัก

Brief Record : Get Marc (ISO 2709) : E-mail record : QR code < ปิดหน้าต่าง
LEADER : 00000nam 2200000uu 4500
001    13399122740
003     ULIB
008    130909s2555||||th 000 0 tha d
020    ^a9786167443713
060 04 ^aWP840^bก125ต
100 0  ^aกนกอร บุญพิทักษ์
245 10 ^aเต้านม :^bโรคต้องรู้และการดูแลรักษา /^cกนกอร บุญพิทักษ์
260    ^aกรุงเทพฯ :^bFeel good publishing,^c2555
300    ^a224 หน้า :^bภาพประกอบ ;^c21 ซม.
650  4 ^aเต้านม, โรค^xการวินิจฉัย
650  4 ^aเต้านม, โรค^xการรักษา
650  4 ^aเต้านม^xมะเร็ง^xการรักษา
650  4 ^aเต้านม, เนื้องอก^xการรักษา
945    ^p170^l0^i20184
945    ^p170^l0^i20185
999    ^aทศพร เกษรทอง
รายการนี้ยังไม่มีแท็ก
คุณยังไม่ได้ล็อกอิน คุณสามารถมีกิจกรรมร่วมกับเว็บไซต์ได้ แต่ต้องล็อกอินก่อน ::
  ล็อกอิน

รายการสื่อสารสนเทศ

ลำดับที่ ประเภท เลขเรียก/บาร์โค้ด สถานที่ สถานะ
1. วิทยาศาสตร์การแพทย์ และสุขภาพ
วิทยาศาสตร์การแพทย์ และสุขภาพ
สถานะ=หนังสือเก่า
WP840 ก125ต ฉ.1 
  Barcode: 20184
ห้องสมุดวิทยาเขตนครสวรรค์
►ส่วนจัดเก็บหนังสือเก่า นว.
บนชั้น
  ขอยืม
2. วิทยาศาสตร์การแพทย์ และสุขภาพ
วิทยาศาสตร์การแพทย์ และสุขภาพ
สถานะ=หนังสือเก่า
WP840 ก125ต ฉ.2 
  Barcode: 20185
ห้องสมุดวิทยาเขตนครสวรรค์
►ส่วนจัดเก็บหนังสือเก่า นว.
บนชั้น
  ขอยืม

รายการใกล้เคียง
    ผู้แต่ง [กนกอร บุญพิทักษ์]

BibComment


ยังไม่เคยถูกคอมเมนท์

คอมเมนท์ทรัพยากรรายการนี้
  คอมเมนท์: เต้านม โรคต้องร..


 Copyright 2026. Bcnsprnw @Library